00876cam a2200217 a 450000100100000000500170001000800410002704000250006808200170009310000360011024500600014626000330020630000210023949000310026065000280029165000310031983000370035095201280038795201280051599900150064300000152020200929145616.0740329s1968 sp 000 f spa d aDO-SdBNPbspacBNPHU a863.6bB142a1 aBaeza Linares, Francisco.9500910aAl otro lado de la mañana /cFrancisco Baeza Linares. aBarcelona :bDestino,c1968. a284 p. ;c19 cm.1 aÁncora y delfín ;v312 4aNovela española91123 4aLiteratura española9632 0aÁncora y Delfín ;v31295000 001054708MOaGRbGRcHDd2009-09-01e002344iLF1l0o863.6 B142ap1520-10r2020-06-25w2020-06-25y4ZPréstamo en sala 001052708MOaGRbGRcCTd2009-09-01e002344iLF1l0o863.6 B142ap1520-20r2020-06-25w2020-06-25y2ZPréstamo interno c1424d1424